LEADER 01354nam--2200409---450- 001 990002219580203316 005 20091111144819.0 010 $a0-85199-663-9 035 $a000221958 035 $aUSA01000221958 035 $a(ALEPH)000221958USA01 035 $a000221958 100 $a20041126h2003----km-y0itaa50------ba 101 0 $aeng 102 $aUS 105 $a||||||||001yy 200 1 $aAgriculture and international trade$elaw, policy and the WTO$fMichael N. Cardwell, Margaret Rosso Grossman and Christopher P. Rodgers 210 $aWallingford$cCABI$dc2003 215 $aXIV, 330 p.$d24 cm 410 0$12001 461 1$1001-------$12001 606 0 $aWorld Trade Organization 676 $a341.75471 700 1$aCARDWELL,$bMichael N.$0569459 701 1$aROSSO GROSSMAN,$bMargaret$0569460 701 1$aRODGERS,$bChristopher P.$0551222 801 0$aIT$bsalbc$gISBD 912 $a990002219580203316 951 $aXXIII.2.A. 208 (IG VIII 10 ING 841)$b45268 G.$cXXIII.2.A. 208 (IG VIII 10 ING)$d00124014 959 $aBK 969 $aGIU 979 $aACQUISTI$b10$c20041126$lUSA01$h1248 979 $aPECORARO$b90$c20050804$lUSA01$h1402 979 $aGIUSY$b90$c20080418$lUSA01$h1233 979 $aRSIAV4$b90$c20091111$lUSA01$h1448 996 $aAgriculture and international trade$91035862 997 $aUNISA LEADER 03336 am 22008053u 450 001 9910765817403321 005 20210217102352.0 010 $a1-134-35857-1 010 $a1-134-35858-X 010 $a1-280-15066-1 010 $a0-203-02228-9 024 7 $a10.4324/9780203022283 035 $a(CKB)1000000000251229 035 $a(EBL)201345 035 $a(OCoLC)437063017 035 $a(SSID)ssj0000185388 035 $a(PQKBManifestationID)11184004 035 $a(PQKBTitleCode)TC0000185388 035 $a(PQKBWorkID)10210201 035 $a(PQKB)10075206 035 $a(MiAaPQ)EBC201345 035 $a(OCoLC)61227802 035 $a(oapen)https://directory.doabooks.org/handle/20.500.12854/38027 035 $a(MiAaPQ)EBC7245000 035 $a(Au-PeEL)EBL7245000 035 $a(OCoLC)1378938016 035 $a(EXLCZ)991000000000251229 100 $a20180331d2005 uy 0 101 0 $aeng 135 $aur|n|---||||| 181 $ctxt 182 $cc 183 $acr 200 10$aJean-Baptiste Say and the classical canon in economics $ethe British connection in French classicism /$fSamuel Hollander 210 $cTaylor & Francis$d2005 210 1$aLondon ;$aNew York :$cRoutledge,$d2005. 215 $a1 online resource (337 p.) 225 1 $aRoutledge studies in the history of economics ;$v72 300 $aDescription based upon print version of record. 311 $a0-415-64944-7 311 $a0-415-32338-X 320 $aIncludes bibliographical references (p. [311]-317) and index. 327 $aBook Cover; Title; Copyright; Contents; 1 Introduction; 2 Value, distribution and growth before 1823; 3 Value, distribution and growth after 1823; 4 On 'riches': real income and its measurement; 5 The Law of Markets; 6 Say and the classical canon: an overview; 7 Conclusion; Bibliography; Index 330 $aThis book explores the perceived paradigmatic conflict within British classical economics between the so called 'Ricardo School' and the contemporary French Economics of Jean-Baptiste Say. Samuel Hollander provides the reader with extensive evidence, utilizing all editions of Say's main texts and his lesser-known writings in order to demonstrate his adherence to much of Ricardian theory. This intriguing book focuses on selected doctorinal issues and surrounding debates, and will interest all serious historians of economic thought, finding a place on the bookshelves of many economists 410 0$aRoutledge studies in the history of economics ;$v72. 606 $aClassical school of economics 606 $aEconomics$zFrance$xHistory$y19th century 606 $aEconomics$zGreat Britain$xHistory$y19th century 610 $acours 610 $acomplet 610 $aprix 610 $afalling 610 $aprofit 610 $arate 610 $amccullochs 610 $adiscourse 610 $ales 610 $asciences 615 0$aClassical school of economics. 615 0$aEconomics$xHistory 615 0$aEconomics$xHistory 676 $a330.15/3 676 $a330.153 700 $aHollander$b Samuel.$0119993 801 0$bFlBoTFG 801 1$bFlBoTFG 906 $aBOOK 912 $a9910765817403321 996 $aJean-Baptiste Say and the classical canon in economics$92947581 997 $aUNINA